Energy politics

Bibliographic Details
Main Author: Shaffer, Brenda.
Corporate Author: ProQuest (Firm)
Format: Electronic eBook
Language:English
Published: Philadelphia : University of Pennsylvania Press, c2009.
Subjects:
Online Access:Click to View
LEADER 01248nam a2200349Ia 4500
001 EBC3441633
003 MiAaPQ
005 20200520144314.0
006 m o d |
007 cr cn|||||||||
008 090327s2009 pauab sb 001 0 eng d
010 |z  2009012244 
020 |z 9780812221664 
020 |a 9780812204520 (electronic bk.) 
035 |a (MiAaPQ)EBC3441633 
035 |a (Au-PeEL)EBL3441633 
035 |a (CaPaEBR)ebr10576073 
035 |a (CaONFJC)MIL421025 
035 |a (OCoLC)842564330 
040 |a MiAaPQ  |c MiAaPQ  |d MiAaPQ 
050 4 |a HD9502.A2  |b S456 2009 
100 1 |a Shaffer, Brenda. 
245 1 0 |a Energy politics  |h [electronic resource] /  |c Brenda Shaffer. 
260 |a Philadelphia :  |b University of Pennsylvania Press,  |c c2009. 
300 |a 187 p. :  |b ill., maps. 
504 |a Includes bibliographical references and index. 
533 |a Electronic reproduction. Ann Arbor, MI : ProQuest, 2015. Available via World Wide Web. Access may be limited to ProQuest affiliated libraries. 
650 0 |a Energy policy. 
650 0 |a Energy conservation. 
655 4 |a Electronic books. 
710 2 |a ProQuest (Firm) 
856 4 0 |u https://ebookcentral.proquest.com/lib/matrademy/detail.action?docID=3441633  |z Click to View